000 01770nam a2200373 i 4500
999 _c5443
_d5443
003 OSt
005 20250918101016.0
008 151020s2008 enka e 000 1 eng d
020 _a9780194789264
040 _aCaNSH
_beng
_cCaNSH
_dCaOL
_dKH8
_erda
082 _a428.6 BAU
100 1 _aBorder, Rosemary,
_d1943-
_eauthor.
245 1 4 _aThe Wizard of Oz /
_cL. Frank Baum ; retold by Rosemary Border ; illustrated by Gillian McLean.
250 _aSimplified edition.
264 1 _aOxford, [England] :
_bOxford University Press,
_c[2008]
300 _a56 pages :
_billustrations ;
_c20 cm.
336 _atext
_2rdacontent.
337 _aunmediated
_2rdamedia.
338 _avolume
_2rdacarrier.
490 1 _aOxford bookworms library, fantasy & horror ;
_v1.
500 _aFirst published in Oxford Bookworms, 1998.
520 _a"Dorothy lives in Kansas, USA, but one day a cyclone blows her and her house to a strange country called Oz. There, Dorothy makes friends with the Scarecrow, the Tin Man, and the Cowardly Lion. But she wants to go home to Kansas. Only one person can help her, and that is the country's famous Wizard. So Dorothy and her friends take the yellow brick road to the Emerald City, to find the Wizard of Oz..."--Back cover.
650 0 _aWizards
_vFiction.
650 0 _aOz (Imaginary place)
_vFiction.
650 0 _aHigh interest-low vocabulary books.
650 0 _aReaders (Adult)
650 0 _aReaders for new literates.
650 7 _aHorror fiction.
_2genre.
650 7 _aFantasy fiction.
_2genre.
700 1 _aMcLean, Gillian,
_eillustrator.
700 1 _iBased on (work):
_aBaum, L. Frank
_q(Lyman Frank),
_d1856-1919.
_tWizard of Oz.
830 0 _aOxford bookworms library.
_pFantasy & horror.
_pStage 1.
942 _2ddc
_cTR